000 00971 a2200205 4500
001 57793
005 20260407155838.0
008 260407a1984 arg spa d
003 AR-UNSa-BCEJYS
040 _aAR-UNSa-BCEJYS
_bspa
_cAR-UNSa-BCEJYS
080 _a339.5
_xComercio exterior. Comercio Internacional
245 1 0 _aLogros de la República de Corea en materia de exportación, 1961-1982
264 1 _aGinegra :
_bCCI (Centro de Comercio Internacional)
_c1984
300 _a122 p.
_c23 cm.
505 _a1. Análisis estadístico del crecimiento de las exportaciones – 2. Observaciones sobre las principales industrias orientadas hacia la exportación y parte de producción exportada – 3. Razones principales de los logros de la política de exportación del país – 4. Promoción de las exportaciones – 5. Conclusiones
041 _aspa
942 _cBK
590 _aniveau_biblio:m niveau_hierar:0
100 1 _aCentro de Comercio Internacional (CCI)
999 _c6300
_d6300